banner-ar

جامعة الدول العربية كمنظمة سياسية: لامين العام لجامعة الدول العربية.. اختصاصاته السياسية والادارية ودوره فى قوات الطوارى العربية...دراسة فى اسلوب العمل ونظامه داخل جامعة الدول العربية / (Record no. 55536)

MARC details
000 -الفاتح
حقل البيانات ثابتة الطول 00923nam a2200205Ia 4500
008 - عناصر البيانات ثابتة الطول - معلومات عامة
حقل البيانات ثابتة الطول 140319s9999 xx 000 0 ara d
040 ## - مصدر الفهرسة
وكالة الفهرسة الأصلية GCL /
وكالة النسخ GCL
082 04 - رقم تصنيف ديوى العشرى
رقم التصنيف 341.241
رقم المادة م ج
100 1# - المدخل الرئيسى - إسم شخصى
الإسم الشخصى محمد عبدالوهاب الساكت
245 10 - بيان العنوان
العنوان جامعة الدول العربية كمنظمة سياسية: لامين العام لجامعة الدول العربية.. اختصاصاته السياسية والادارية ودوره فى قوات الطوارى العربية...دراسة فى اسلوب العمل ونظامه داخل جامعة الدول العربية /
بيان المسئوليه,etc محمد عبدالوهاب الساكت
300 ## - الوصف المادى
التعداد 554
490 ## - بيان السلسلة
عنوان السلسلة
650 04 - المدخل الاضافى بالموضوع-مصطلح موضوعى
مصطلح موضوعي العالم العربى
650 04 - المدخل الاضافى بالموضوع-مصطلح موضوعى
مصطلح موضوعي جامعة الدول العربية
650 04 - المدخل الاضافى بالموضوع-مصطلح موضوعى
مصطلح موضوعي الوحدة الدينية
650 04 - المدخل الاضافى بالموضوع-مصطلح موضوعى
مصطلح موضوعي المجلس
942 ## - عناصر المدخل الإضافي( كوها)
مصدر التصنيف او مخطط الترفيف Dewey Decimal Classification
Koha [default] item type كتاب
260 ## - PUBLICATION, DISTRIBUTION, ETC. (IMPRINT)
-- [S.N] :
-- دار الفكر العربى
Holdings
حالة التراجع حالة الفقد حالة تلف ليس للاعارة المكان المؤقت الموقع الحالى تاريخ الاكتساب اجمالي اﻻعارات رقم الطلب الباركود تاريخ اخر مشاهدة تاريخ تفعيل السعر نوع وعاء كوها
        مكتبة القاهرة الكبرى مكتبة القاهرة الكبرى 03/26/2014   341.241\م ج 133385 03/26/2014 03/26/2014 كتاب

Powered By

EGPV